College physics : based on Schaum's Outline of college physics by Frederick J. Bueche [and] Eugene Hecht / (Record no. 128793)
[ view plain ]
| 000 -LEADER | |
|---|---|
| fixed length control field | 01139cam a2200313 a 4500 |
| 008 - FIXED-LENGTH DATA ELEMENTS--GENERAL INFORMATION | |
| fixed length control field | |
| 020 ## - INTERNATIONAL STANDARD BOOK NUMBER | |
| International Standard Book Number | 0070089418 (hbk.) |
| 049 ## - LOCAL HOLDINGS (OCLC) | |
| Holding library | MAIN |
| 090 ## - LOCALLY ASSIGNED LC-TYPE CALL NUMBER (OCLC); LOCAL CALL NUMBER (RLIN) | |
| Classification number (OCLC) (R) ; Classification number, CALL (RLIN) (NR) | QC31 |
| Local cutter number (OCLC) ; Book number/undivided call number, CALL (RLIN) | BUE |
| 003 - CONTROL NUMBER IDENTIFIER | |
| control field | |
| 005 - DATE AND TIME OF LATEST TRANSACTION | |
| control field | 20230123122145.0 |
| 040 ## - CATALOGING SOURCE | |
| Transcribing agency | NUST |
| 100 ## - MAIN ENTRY--PERSONAL NAME | |
| Personal name | Frederick J Bueche. |
| 245 00 - TITLE STATEMENT | |
| Title | College physics : based on Schaum's Outline of college physics by Frederick J. Bueche [and] Eugene Hecht / |
| Statement of responsibility, etc. | abridgement editor, George J. Hademenos. |
| 246 14 - VARYING FORM OF TITLE | |
| Title proper/short title | College physics. |
| 250 ## - EDITION STATEMENT | |
| Edition statement | 9th ed. |
| 260 ## - PUBLICATION, DISTRIBUTION, ETC. | |
| Place of publication, distribution, etc. | New York : |
| Name of publisher, distributor, etc. | McGraw-Hill, |
| Date of publication, distribution, etc. | c1997. |
| 300 ## - PHYSICAL DESCRIPTION | |
| Extent | x, 417 p. : |
| Other physical details | ill. ; |
| Dimensions | 28 cm. |
| 440 ## - SERIES STATEMENT/ADDED ENTRY--TITLE | |
| Title | Schaum's easy outlines. |
| 440 ## - SERIES STATEMENT/ADDED ENTRY--TITLE | |
| Title | Schaum's outline series. |
| 500 ## - GENERAL NOTE | |
| General note | Includes index. |
| 650 #0 - SUBJECT ADDED ENTRY--TOPICAL TERM | |
| Topical term or geographic name entry element | Physics |
| Form subdivision | Outlines, syllabi, etc. |
| 650 #0 - SUBJECT ADDED ENTRY--TOPICAL TERM | |
| Topical term or geographic name entry element | Physics |
| Form subdivision | Problems, exercises, etc. |
| 700 12 - ADDED ENTRY--PERSONAL NAME | |
| Personal name | Bueche, F. |
| Fuller form of name | (Frederick), |
| Dates associated with a name | 1923- |
| Title of a work | Schaum's outline of theory and problems of college physics. |
| 700 12 - ADDED ENTRY--PERSONAL NAME | |
| Personal name | Hecht, Eugene. |
| Title of a work | Schaum's outline of theory and problems of college physics. |
| 700 1# - ADDED ENTRY--PERSONAL NAME | |
| Personal name | Hademenos, George J. |
| 907 ## - LOCAL DATA ELEMENT G, LDG (RLIN) | |
| a | .b10359862 |
| b | 03-09-15 |
| c | 28-08-15 |
| 942 ## - ADDED ENTRY ELEMENTS (KOHA) | |
| Koha item type | Ordinary Loan Books |
| Call number prefix | QC31 |
| Call number suffix | BUE |
| Date last seen | Total Checkouts | Full call number | Barcode | Cost, replacement price | Price effective from | Koha item type | Lost status | Source of classification or shelving scheme | Damaged status | Not for loan | Collection | Withdrawn status | Home library | Current library | Shelving location | Date acquired | Cost, normal purchase price |
|---|---|---|---|---|---|---|---|---|---|---|---|---|---|---|---|---|---|
| 01/23/2023 | 19 | QC31 FRE | 92004036660 | 80.00 | 01/23/2023 | BOOKS | LCC | NFIC | MAIN | MAIN | GEN | 01/23/2023 | 80.00 |